Taylor Swift or Harley Quinn? Quiz Stats

 Plays Quiz Updated Jun 4, 2016

Challenge
Share
Tweet
Embed
Score 0/24 Timer 10:00
1 Play Today
Quote (T)aylor or (H)arley % Correct
I go on too many dates, but I can’t make ‘em stay. That’s what people say.???
81.2%
Got a long list of ex lovers; they’ll tell you I’m insane.???
80.5%
But I miss screaming and fighting and kissing in the rain.???
74%
You really know how to put the fun in funeral.???
73.9%
Memorizing him was as easy as knowing all the words to your old favorite song.???
73.9%
His love was like driving a new Maserati down a dead-end street.???
73.7%
My boss likes me to wear a smile at work.???
72.6%
It’s amazing what you find in peoples’ glove compartments.???
70.2%
I’ve never seen you laugh before... I don’t think I like it.???
70.2%
I’m crazy about… well, hey, I’m just crazy.???
69.9%
Did you think we’d be fine? Still got scars on my back from your knife.???
69.3%
So go ahead and tell your friends I’m obsessive and crazy! That’s fine, I’ll tell mine that you’re gay!???
68.8%
Quote (T)aylor or (H)arley % Correct
For what it’s worth, I actually enjoyed some of our romps, but there comes a time when a gal wants more.???
68.7%
All you are is mean! And a liar! And pathetic!???
66.7%
You thought I was just another bubble-headed blonde bimbo. Well, the joke’s on you, ‘cause I’m not even a real blonde!???
66.4%
Don’t you think I was too young to be messed with????
66.4%
I’m going to kill you. For everything you’ve done to me. All the times you’ve made me feel useless and small.???
65.9%
But now I’ll go sit on the floor… wearing your clothes.???
64.4%
I’ve been nothing but trouble. How come you’re so nice to me????
62.7%
Nice guys like you shouldn’t have bad days.???
59.8%
She thinks I’m psycho ‘cause I like to rhyme her name with things.???
58.7%
Stealing other peoples’ toys on the playground won’t make you many friends!???
56.5%
You think I’m just a doll. A doll that’s pink and light. A doll you can arrange any way you like.???
54.5%
These are the moments that make life worth living. The moments when memories are made.???
40.3%

You're not logged in!

Compare scores with friends on all Sporcle quizzes.
Join for Free
OR
Log In

You Might Also Like...

Show Comments

Extras

Top Quizzes Today


Score Distribution

Your Account Isn't Verified!

In order to create a playlist on Sporcle, you need to verify the email address you used during registration. Go to your Sporcle Settings to finish the process.

Report this User

Report this user for behavior that violates our Community Guidelines.

Details: